100 things the simpsons fans : should know & do before they die
| Main Author: | |
|---|---|
| Other Authors: | |
| Format: | Book |
| Published: |
Illinois :
Triumph Books LLC ,
2018
|
| Subjects: |
MARC
| LEADER | 00000cam a2200000 7i4500 | ||
|---|---|---|---|
| 001 | 0000278754 | ||
| 005 | 20200922151928.0 | ||
| 020 | |a 9781629375311 | ||
| 090 | 0 | 0 | |a 791.4572 |b GOE |
| 100 | 0 | |a Goertz, Allie | |
| 245 | 1 | 0 | |a 100 things the simpsons fans : |b should know & do before they die |c Allie Goertz and Julia Prescott |
| 260 | |a Illinois : |b Triumph Books LLC , |c 2018 | ||
| 300 | |a 255p. ; |c 22cm. | ||
| 650 | 0 | |a Simpsons (Television program) |v Miscellanea | |
| 700 | 0 | |a Prescott, Julia | |
| 999 | |a 00384489 |b BUKU |c PINJAMAN |e PERPUSTAKAAN KOMUNITI PETALING JAYA | ||